Normal view
MARC view
Entry Personal Name
001 - CONTROL NUMBER
- control field: 20315
003 - CONTROL NUMBER IDENTIFIER
- control field: ARRUPE
005 - DATE AND TIME OF LATEST TRANSACTION
- control field: 20151020112107.0
008 - FIXED-LENGTH DATA ELEMENTS
- fixed length control field: 151020|| aca||aabn | a|a d
040 ## - CATALOGING SOURCE
- Original cataloging agency: ARRUPE
- Transcribing agency: ARRUPE
100 ## - HEADING--PERSONAL NAME
- Personal name: Heelan, Patrick A.
670 ## - SOURCE DATA FOUND
- Source citation: Work cat.: (ARRUPE): Heelan, Patrick A., Perception as a hermeneutical act p. 61-76, 1983